000 nam a22 7a 4500
999 _c14300
_d14298
008 200219b xxu||||| |||| 00| 0 eng d
022 _aLITS2405
_bAssociate of Science Degree
_cLibrary Technical Studies
_dTwo
245 _aLibrary Management Examination Paper May 2019
_cCCCJ
260 _aKINGSTON, JAMAICA
_bCCCJ
_c2019
856 _uhttp://wplrc.ecc.edu.jm/cgi-bin/koha/opac-retrieve-file.pl?id=814bf62fefe1884224573d496baf3ddd
942 _cPP